| 000 | 00420cam a2200169ua 4500 | ||
|---|---|---|---|
| 003 | OSt | ||
| 008 | 241223b |||||||| |||| 00| 0 eng d | ||
| 020 | _a0 03 079090 5 | ||
| 041 | _aeng | ||
| 082 |
_a621.313 _bROS/EL |
||
| 100 |
_aRosenberg, Robert . _96541 |
||
| 245 | _aElectric motor repair / | ||
| 250 | _a2 / | ||
| 260 |
_a : _bHolt saunders international editions , _c1960. |
||
| 300 | _a344 ; . | ||
| 942 | _cBK | ||
| 999 |
_c2010 _d2010 |
||